Maturāntaki. (Record no. 58066)

MARC details
000 -LEADER
fixed length control field 00704cam a22002531 4500
001 - CONTROL NUMBER
control field sa 64003693
003 - CONTROL NUMBER IDENTIFIER
control field DLC
005 - DATE AND TIME OF LATEST TRANSACTION
control field 20260227112019.0
008 - FIXED-LENGTH DATA ELEMENTS--GENERAL INFORMATION
fixed length control field 890620s1963 ii b 000 1 tamo
010 ## - LIBRARY OF CONGRESS CONTROL NUMBER
LC control number sa 64003693
035 ## - SYSTEM CONTROL NUMBER
System control number (OCoLC)19900662
040 ## - CATALOGING SOURCE
Original cataloging agency DLC
Transcribing agency WaU
Modifying agency DLC
042 ## - AUTHENTICATION CODE
Authentication code premarc
050 00 - LIBRARY OF CONGRESS CALL NUMBER
Classification number PL4758.9.J25
Item number M3
100 0# - MAIN ENTRY--PERSONAL NAME
Personal name Jekacir̲piyan̲,
Dates associated with a name 1925-1978.
245 00 - TITLE STATEMENT
Title Maturāntaki.
260 ## - PUBLICATION, DISTRIBUTION, ETC.
Date of publication, distribution, etc. [1963]
300 ## - PHYSICAL DESCRIPTION
Extent 226 p.
Dimensions 19 cm.
500 ## - GENERAL NOTE
General note In Tamil.
500 ## - GENERAL NOTE
General note A novel.
504 ## - BIBLIOGRAPHY, ETC. NOTE
Bibliography, etc. note Bibliography: p. [12]
600 00 - SUBJECT ADDED ENTRY--PERSONAL NAME
Personal name Kulottunga
Numeration I,
Titles and other words associated with a name Chola King,
Dates associated with a name active 1070-1118
Form subdivision Fiction.
600 00 - SUBJECT ADDED ENTRY--PERSONAL NAME
Personal name Madhurantaki,
Titles and other words associated with a name consort of Kulottunga I,
Dates associated with a name active 11th century
Form subdivision Fiction.

No items available.

Powered by Koha